LEADER 01132nam a2200277 u 4500 001 000000059099 003 CaOOAMICUS 005 20070226120750.0 008 010621s1969 it u000 u ita u 035 $a10893428 040 $aPUL(R)$bita 041 1 $aita$heng 100 1 $aTillich, Paul,$d1886-1965.$0(OLS)http://pul/name/24019 240 10$aPerseptives on 19th and 20th century protestant Theology.$lItaliano.$0(OLS)http://pul/title/79158 245 10$aUmanesimo cristiano nel XIX e XX secolo /$cPaul Tillich. 260 $aRoma :$bUbaldini,$cc1969. 300 $a246 p. ;$c21 cm 490 1 $aUlisse 650 4$aTeologia protestante.$0(OLS)http://pul/subject/5035 650 4$aErmeneutica.$0(OLS)http://pul/subject/438 830 0$aUlisse.$0(OLS)http://pul/title/61360 850 $aPUL 852 $aPUL$W1$xDP1 Altre Collocazioni$y17$mSenza collocazione$j12$nBK-PRI$b $qStampati$B77122$CPULBib$Z2$F77122 $H $81 941 1 $a8 996 $6245$aUmanesimo cristiano nel XIX e XX secolo$9(OLS)http://pul/title/79159 996 $6260$aRoma :$bUbaldini$9(OLS)http://pul/publisher/60242 LEADER 00893naa a2200217 u 4500 001 000000095407 003 CaOOAMICUS 005 20070226130142.0 008 040629s1979 enkc u000 u eng u 020 $a0860780368 035 $a11002419 040 $aIAR$bita 100 1 $aTierney, Brian,$d1922-2019.$0(OLS)http://pul/name/410 245 10$aNatura id est Deus :$ba case of juristic pantheism ? /$cBrian Tierney. 260 $aLondon :$bVariorum reprints,$c1979. 300 $a[16] S., ;$c23 cm 773 0 $aChurch law and constitutional thought in the middle ages. 773 0 $aTierney, Brian.$tChurch law and constitutional thought in the Middle Ages$w()395 996 $6020$a0860780368$9(OLS)http://pul/number/440 996 $6245$aNatura id est Deus :$ba case of juristic pantheism ?$9(OLS)http://pul/title/122281 996 $6260$aLondon :$bVariorum reprints$9(OLS)http://pul/publisher/62198